Guess The Movie From One Character #1 - Statistics

General Stats
  • This quiz has been taken 229 times
  • The average score is 6 of 15
Answer Stats
Picture Hint Answer % Correct
Heath Ledger as 'Joker' The Dark Knight
95%
Brad Pitt as 'Cliff Booth' Once Upon a Time in Hollywood
80%
Javier Bardem as 'Anton Chigurh' No Country for Old Men
64%
Leonardo DiCaprio as 'Hugh Glass' The Revenant
64%
Bradley Cooper as 'Chris Kyle' American Sniper
61%
Brian Tyree Henry as 'Lemon' Bullet Train
49%
Emma Stone as 'Bella Baxter' Poor Things
38%
Jake Gyllenhaal as 'Louis Bloom' Nightcrawler
37%
Hugh Jackman as 'Robert Angier' The Prestige
34%
Chris Evans as 'Curtis Everett' Snowpiercer
28%
Amy Adams as 'Brenda Strong' Catch Me If You Can
25%
Matt Damon as 'William Garin' The Great Wall
21%
Ryan Gosling as 'Holland March' The Nice Guys
16%
Scarlett Johansson as 'Major Mira Killian' Ghost in the Shell
12%
Christian Bale as 'Chris Myers' The Promise
2%
No matching quizzes found
Score Distribution
Percent of People with Each Score
Percentile by Number Answered
Your Score History
You have not taken this quiz